Ôtô máy kéo
Tallennettuna:
| Päätekijä: | |
|---|---|
| Aineistotyyppi: | Kirja |
| Kieli: | Undetermined |
| Julkaistu: |
H.
KHKT
2001
|
| Aiheet: | |
| Tagit: |
Lisää tagi
Ei tageja, Lisää ensimmäinen tagi!
|
| Thư viện lưu trữ: | Trung tâm Học liệu Trường Đại học Cần Thơ |
|---|
| LEADER | 00530nam a2200181Ia 4500 | ||
|---|---|---|---|
| 001 | CTU_57872 | ||
| 008 | 210402s9999 xx 000 0 und d | ||
| 020 | |b 73000 | ||
| 082 | |a 629.2252 | ||
| 082 | |b Ô450 | ||
| 100 | |a Bùi Hải Triều ... [et al.] | ||
| 245 | 0 | |a Ôtô máy kéo | |
| 245 | 0 | |c Bùi Hải Triều ... [et al.] | |
| 260 | |a H. | ||
| 260 | |b KHKT | ||
| 260 | |c 2001 | ||
| 650 | |a tractors,agricultural machinery,machine design,machine parts | ||
| 980 | |a Trung tâm Học liệu Trường Đại học Cần Thơ | ||